000
00251nam a22001097a 4500
082
_a
621.319 TRA'R
100
_a
RADIO CORPORATION OF AMERICA
_9
56906
245
_a
TRANSMITTING TUBES
260
_a
NEWJERSCY
_b
RCA
_c
1956
300
_a
256P
942
_c
BK
999
_c
567228
_d
567228